03378nam a2200349 i 4500003000900000005001700009007000300026008004100029020003800070020003800108040003000146082002500176245018900201264006800390300006200458336002700520337003300547338002800580500003600608505187900644590002702523650003902550700005002589700004802639700004502687700004602732700004402778910004702822942001402869952012802883999001703011DO-SdBNP20240820090407.0ta240807s2002 sp abc e 000 0 spa d a8489898502 (colección completa) a8489898715 (actualización 2002) aDO-SdBNPbspacBNPHUerda 4a036.1bL332 200222200aLarousse 2000 :bactualización 2002 /cdirección Núria Lucena Cayuela ; edición Jordi Induráin Pons, Emili López Tossas ; redacción Cristina Ruiz Vegas, Fina Oliu Cucó. 4aBarcelona, España :bPlaneta,bTemáticos Larousse,c©2002. a344 páginas :bilustraciones, mapas, retratos ;c30 cm. 2rdacontentatextobtxt 2rdamediaasin mediaciónbn 2rdacarrieravolumenbnc aIncluye índice onomástico. 0 tPreliminares --tImágenes del año --gPanorama Internacional -- tInternacional: resumen del año. -- tLa administración Bush antes y después del 11 de septiembre. -- tLas dificultosas relaciones entre occidente e islam. --tArgentina; crisis política y deuda pública. -- tLa mundialización contra el estado. -- tItalia y Berlusconi; una segunda oportunidad. -- tMilosevic, el tirano que no hay que olvidar. -- tLa difícil tarea de Alejandro Toledo. -- tPinochet, Videla y la operación Cóndor. --gEspaña --tEl año político --tLa evolución económica --tEl agua dulce, una penuria anunciada --tElecciones autonómicas en el país Vasco y Galicia --tLos problemas de la sanidad española en 2001 --gEconomía --tAlaridos de dolor --tLas multinacionales y la cuestión laboral --gCultura -- tPanorama literario --tEl mundo del arte --tMúsica --tTeatro y danza --tEl cine en el mundo en 2001- gSociedad -- tAlimentación bajo sospecha --gCiencia y técnica -- tExplotación del espacio --tClonación: luces y sombras --tEl futuro de la telefonía móvil --gMedio ambiente -- tEl ámbito urbano y el tratamiento de residuos --gDeportes -- tUn año de estrellas sin límites --tCampeonato del mundo de atletismo Edmonton 2001 --gPersonajes del año -- tProtagonistas -- tObituario -- gEfemérides -- tEl año Verdi --t400 aniversario de Baltasar Gracián --tCentenario de la muerte de Leopoldo Alas, Clarín -- tCentenario del premio Nobel --tCentenario del nacimiento de Ramón J. Sender --t25 años de El país --tOtras conmemoraciones --gPremios -- tArte --tArtes escénicas --tCine --tLiteratura --tMúsica --tNacionales --tNobel --tOndas --tPríncipe de Asturias --tEstadísticas --tPaíses del mundo --tSuplemento enciclopédico --tÍndice onomástico aInventariado, 2024/ YL 4aDiccionario Enciclópedico9861311 aLucena Cayuela, Núria edirección 9862421 aInduráin Pons, Jordi eedición 9862431 aLópez Tossas, Emili eedición9862441 aRuiz Vegas, Cristina eredacción9862451 aOliu Cucó, Fina eredacción986247 aYLockward. Validado control de calidad/MAA 2ddccLBS1 00102ddc56708GR-RaBNPHUbBNPHUcHDd2024-08-07l0oBNPHU R-GR 036.1 L332 2002p2024-4710r2024-08-07w2024-08-07yLBS1 c57388d57388